[Event "Chigorin Memorial 2019"]
[Site "Saint Petersburg"]
[Date "2019.10.13"]
[Round "9.6"]
[White "Korchmar, Vasiliy"]
[Black "Kryakvin, Dmitry"]
[Result "1/2-1/2"]
[WhiteElo "2432"]
[BlackElo "2608"]
[Annotator "TA"]
[PlyCount "46"]
[EventDate "2019.10.05"]
[EventType "swiss"]
[EventCountry "RUS"]
[SourceTitle "playchess.com"]
[Source "ChessBase"]
[SourceQuality "1"]

{[%evp 24,46,20,20,29,27,34,26,30,39,24,32,51,47,83,82,88,86,116,116,116,116,116,116,116]} 1. d4 Nf6 2. c4 e6 3. Nc3 Bb4 4. Qc2 d6 5. Nf3 Nbd7 6. a3 Bxc3+ 7. Qxc3 b6 8. e3 a5 9. b3 Bb7 10. Be2 O-O 11. O-O Ne4 12. Qc2 f5 13. Bb2 Qe7 {E32: Nimzo-Indian: Classical (4 Qc2): 4...0-0} 14. d5 (14. Rad1 Rae8 15. Qc1 Rf6 16. d5 Rg6 17. g3 c5 18. Kh1 Rh6 19. Ne1 Ndf6 20. Bxf6 Nxf6 21. Ng2 {0-1 (71) Maiorov,N (2500)-Kovalenko,I (2684) Tallinn 2017}) 14... e5 15. Nd2 Nxd2 $146 {White has an edge.} ({Predecessor:} 15... Nef6 16. Qxf5 Nxd5 17. Qb1 N5f6 18. Qc2 Kh8 19. f3 Ng8 20. Ne4 Qh4 21. Ng3 {1-0 (52) Ellis,L (2252)-Santos Etxepare,A (2112) ICCF email 2015}) 16. Qxd2 Nc5 17. Qc2 Qd7 18. f3 Rf7 19. b4 {White is better.} Na4 20. Bc1 axb4 21. axb4 b5 22. cxb5 Nb6 23. Rxa8+ Bxa8 1/2-1/2

[Event "Chigorin Memorial 2019"]
[Site "Saint Petersburg"]
[Date "2019.10.13"]
[Round "9.7"]
[White "Kardashevskiy, Evgeny"]
[Black "Smirin, Ilia"]
[Result "1/2-1/2"]
[WhiteElo "2428"]
[BlackElo "2599"]
[Annotator "ChessBase"]
[PlyCount "79"]
[EventDate "2019.10.05"]
[EventType "swiss"]
[EventCountry "RUS"]
[SourceTitle "playchess.com"]
[Source "ChessBase"]
[SourceQuality "1"]
[TimeControl "5400+30"]

1. d4 {[%emt 0:00:00]} Nf6 {[%emt 0:03:05]} 2. Nf3 {[%emt 0:00:00]} g6 {[%emt 0:00:09]} 3. c4 {[%emt 0:00:01]} Bg7 {[%emt 0:00:17]} 4. g3 {[%emt 0:00:13]} d6 {[%emt 0:02:35]} 5. Bg2 {[%emt 0:00:26]} O-O {[%emt 0:00:10]} 6. O-O {[%emt 0:00:17]} c6 {[%emt 0:00:06]} 7. Nc3 {[%emt 0:01:57]} a6 {[%emt 0:00:42]} 8. a4 {[%emt 0:04:29]} a5 {[%emt 0:00:33]} 9. h3 {[%emt 0:00:51]} Na6 {[%emt 0:01:33]} 10. e4 {[%emt 0:02:02]} Nd7 {[%emt 0:01:30]} 11. Be3 {[%emt 0:05:47]} e5 {[%emt 0:00:46]} 12. Qd2 {[%emt 0:05:15]} exd4 {[%emt 0:03:57]} 13. Nxd4 {[%emt 0:03:42]} Ne5 {[%emt 0:04:32]} 14. Qe2 {[%emt 0:04:26]} Re8 {[%emt 0:01:15]} 15. Rad1 {[%emt 0:01:12]} Qc7 {[%emt 0:02:27]} 16. Rd2 {[%emt 0:07:22]} Qe7 {[%emt 0:15:38]} 17. b3 {[%emt 0:06:37]} Nc5 {[%emt 0:02:01]} 18. Qd1 {[%emt 0:00:52]} Ned7 {[%emt 0:04:35]} 19. Qc2 {[%emt 0:06:40]} Ra6 {[%emt 0:02:35]} 20. Rfd1 {[%emt 0:06:13]} Nf6 {[%emt 0:00:36]} 21. f3 {[%emt 0:04:03]} d5 {[%emt 0:08:15]} 22. cxd5 {[%emt 0:04:12]} cxd5 {[%emt 0:02:00]} 23. Bg5 {[%emt 0:03:08]} dxe4 {[%emt 0:02:56]} 24. fxe4 {[%emt 0:04:32]} Qf8 {[%emt 0:11:25]} 25. Ndb5 {[%emt 0:06:32]} Ne6 {[%emt 0:00:18]} 26. Be3 {[%emt 0:01:12]} Nh5 {[%emt 0:00:45]} 27. Rd5 {[%emt 0:06:08]} Nxg3 {[%emt 0:01:27]} 28. Qf2 {[%emt 0:00:19]} Nh5 {[%emt 0:06:10]} 29. e5 {[%emt 0:00:24]} Bh6 {[%emt 0:05:31]} 30. Nd6 {[%emt 0:01:12]} Bxe3 {[%emt 0:00:47]} 31. Qxe3 {[%emt 0:00:05]} Nef4 {[%emt 0:02:33]} 32. Nxe8 {[%emt 0:00:54]} Nxd5 {[%emt 0:00:05]} 33. Nxd5 {[%emt 0:00:16]} Qxe8 {[%emt 0:00:33]} 34. Nc7 {[%emt 0:00:19]} Qe7 {[%emt 0:00:10]} 35. Nxa6 {[%emt 0:00:16]} bxa6 {[%emt 0:00:03]} 36. Qd4 {[%emt 0:00:54]} Kg7 {[%emt 0:00:21]} 37. e6+ {[%emt 0:02:15]} f6 {[%emt 0:00:07]} 38. Re1 {[%emt 0:06:00]} g5 {[%emt 0:00:24]} 39. h4 {[%emt 0:00:43]} h6 {[%emt 0:00:11]} 40. hxg5 {[%emt 0:00:08]} 1/2-1/2

[Event "Chigorin Memorial 2019"]
[Site "Saint Petersburg"]
[Date "2019.10.13"]
[Round "9.8"]
[White "Volkov, Sergey"]
[Black "Shubin, Kirill"]
[Result "1-0"]
[WhiteElo "2576"]
[BlackElo "2416"]
[Annotator "ChessBase"]
[PlyCount "65"]
[EventDate "2019.10.05"]
[EventType "swiss"]
[EventCountry "RUS"]
[SourceTitle "playchess.com"]
[Source "ChessBase"]
[SourceQuality "1"]
[TimeControl "5400+30"]

1. d4 {[%emt 0:00:00]} e6 {[%emt 0:00:00]} 2. c4 {[%emt 0:00:00]} Nf6 {[%emt 0:00:00]} 3. Nf3 {[%emt 0:00:00]} c5 {[%emt 0:00:00]} 4. d5 {[%emt 0:00:10]} b5 {[%emt 0:00:00]} 5. e4 {[%emt 0:00:46]} Nxe4 {[%emt 0:00:00]} 6. Bd3 {[%emt 0:00:05]} Nf6 {[%emt 0:00:00]} 7. Nc3 {[%emt 0:00:54]} bxc4 {[%emt 0:00:00]} 8. Bxc4 {[%emt 0:00:05]} Ba6 {[%emt 0:00:01]} 9. Bxa6 {[%emt 0:08:06]} Nxa6 {[%emt 0:00:03]} 10. O-O {[%emt 0:00:16]} Nc7 {[%emt 0:00:03]} 11. Re1 {[%emt 0:00:38]} d6 {[%emt 0:01:19]} 12. dxe6 {[%emt 0:05:43]} fxe6 {[%emt 0:02:40]} 13. Ng5 {[%emt 0:03:57]} Qd7 {[%emt 1:32:24]} 14. Qb3 {[%emt 0:14:01]} O-O-O {[%emt 0:00:00]} 15. Bf4 {[%emt 0:03:19]} Re8 {[%emt 0:00:00]} 16. Rad1 {[%emt 0:00:59]} h6 {[%emt 0:00:00]} 17. Nge4 {[%emt 0:06:48]} Nfd5 {[%emt 0:00:00]} 18. Bg3 {[%emt 0:03:19]} Qc6 {[%emt 0:00:00]} 19. a4 {[%emt 0:01:05]} a6 {[%emt 0:00:00]} 20. Nd2 {[%emt 0:05:38]} h5 {[%emt 0:00:00]} 21. h4 {[%emt 0:00:52]} Rh6 {[%emt 0:00:00]} 22. Nc4 {[%emt 0:01:20]} Rd8 {[%emt 0:00:00]} 23. Ne4 {[%emt 0:07:37]} Be7 {[%emt 0:00:00]} 24. Na5 {[%emt 0:01:47]} Qa8 {[%emt 0:00:00]} 25. Qf3 {[%emt 0:02:26]} Rf8 {[%emt 0:00:00]} 26. Qe2 {[%emt 0:01:22]} e5 {[%emt 0:00:00]} 27. b4 {[%emt 0:01:13]} Nxb4 {[%emt 0:00:00]} 28. Nxc5 {[%emt 0:00:48]} dxc5 {[%emt 0:00:00]} 29. Qxe5 {[%emt 0:00:11]} Nbd5 {[%emt 0:00:00]} 30. Qxg7 {[%emt 0:00:35]} Re6 {[%emt 0:00:00]} 31. Bxc7 {[%emt 0:01:02]} Rxe1+ {[%emt 0:00:00]} 32. Rxe1 {[%emt 0:00:03]} Kd7 {[%emt 0:00:00]} 33. Bg3 {[%emt 0:02:18]} 1-0

[Event "Chigorin Memorial 2019"]
[Site "Saint Petersburg"]
[Date "2019.10.13"]
[Round "9.9"]
[White "Smirnov, Artem"]
[Black "Lintchevski, Daniil"]
[Result "0-1"]
[WhiteElo "2416"]
[BlackElo "2537"]
[Annotator "ChessBase"]
[PlyCount "76"]
[EventDate "2019.10.05"]
[EventType "swiss"]
[EventCountry "RUS"]
[SourceTitle "playchess.com"]
[Source "ChessBase"]
[SourceQuality "1"]
[TimeControl "5400+30"]

1. d4 {[%emt 0:00:00]} Nf6 {[%emt 0:00:00]} 2. c4 {[%emt 0:00:00]} e6 {[%emt 0:00:00]} 3. Nc3 {[%emt 0:00:00]} Bb4 {[%emt 0:00:00]} 4. f3 {[%emt 0:00:00]} d5 {[%emt 0:00:34]} 5. a3 {[%emt 0:00:00]} Bxc3+ {[%emt 0:00:07]} 6. bxc3 {[%emt 0:00:02]} c5 {[%emt 0:00:09]} 7. cxd5 {[%emt 0:00:42]} Nxd5 {[%emt 0:00:07]} 8. dxc5 {[%emt 0:00:09]} f5 {[%emt 0:00:12]} 9. Nh3 {[%emt 0:01:51]} Qa5 {[%emt 0:03:27]} 10. Bd2 {[%emt 0:00:43]} Qxc5 {[%emt 0:02:12]} 11. c4 {[%emt 0:00:21]} Ne3 {[%emt 0:02:55]} 12. Qc1 {[%emt 0:00:34]} Nxf1 {[%emt 0:00:53]} 13. Bb4 {[%emt 0:00:41]} Qc7 {[%emt 0:03:42]} 14. Kxf1 {[%emt 0:00:35]} Nc6 {[%emt 0:00:53]} 15. Nf4 {[%emt 0:26:47]} Kf7 {[%emt 0:00:31]} 16. Rg1 {[%emt 0:02:44]} Qd8 {[%emt 0:21:35]} 17. Bc3 {[%emt 0:13:02]} e5 {[%emt 0:01:54]} 18. Nd3 {[%emt 0:06:46]} Re8 {[%emt 0:00:37]} 19. Qb2 {[%emt 0:00:52]} Qe7 {[%emt 0:08:04]} 20. f4 {[%emt 0:15:37]} Be6 {[%emt 0:02:41]} 21. Nxe5+ {[%emt 0:05:45]} Nxe5 {[%emt 0:00:04]} 22. Bxe5 {[%emt 0:00:03]} Bxc4 {[%emt 0:00:06]} 23. g4 {[%emt 0:02:16]} fxg4 {[%emt 0:03:44]} 24. Qc2 {[%emt 0:04:11]} Qc5 {[%emt 0:05:36]} 25. Qf5+ {[%emt 0:06:13]} Kg8 {[%emt 0:00:55]} 26. Rxg4 {[%emt 0:08:12]} Re7 {[%emt 0:00:58]} 27. Qf6 {[%emt 0:04:11]} Bxe2+ {[%emt 0:00:06]} 28. Kxe2 {[%emt 0:00:15]} Qc2+ {[%emt 0:00:17]} 29. Kf3 {[%emt 0:01:08]} Qd3+ {[%emt 0:00:29]} 30. Kf2 {[%emt 0:00:20]} Qd2+ {[%emt 0:00:03]} 31. Kf3 {[%emt 0:00:53]} Qd3+ {[%emt 0:00:01]} 32. Kf2 {[%emt 0:00:04]} Qd2+ {[%emt 0:00:03]} 33. Kg3 {[%emt 0:00:51]} Qe3+ {[%emt 0:00:07]} 34. Kh4 {[%emt 0:00:10]} Qf2+ {[%emt 0:00:02]} 35. Kh5 {[%emt 0:00:16]} Qxh2+ {[%emt 0:00:20]} 36. Qh4 {[%emt 0:00:56]} Rxe5+ {[%emt 0:00:12]} 37. fxe5 {[%emt 0:00:05]} Qxe5+ {[%emt 0:00:04]} 38. Qg5 {[%emt 0:01:07]} g6+ {[%emt 0:00:13]} 0-1

[Event "Chigorin Memorial 2019"]
[Site "Saint Petersburg"]
[Date "2019.10.13"]
[Round "9.10"]
[White "Svetushkin, Dmitry"]
[Black "Khlebovich, Alexander"]
[Result "1-0"]
[WhiteElo "2534"]
[BlackElo "2398"]
[Annotator "ChessBase"]
[PlyCount "85"]
[EventDate "2019.10.05"]
[EventType "swiss"]
[EventCountry "RUS"]
[SourceTitle "playchess.com"]
[Source "ChessBase"]
[SourceQuality "1"]
[TimeControl "5400+30"]

1. e4 {[%emt 0:00:23]} c5 {[%emt 0:00:00]} 2. Nf3 {[%emt 0:00:19]} d6 {[%emt 0:00:00]} 3. Bb5+ {[%emt 0:00:06]} Bd7 {[%emt 0:00:09]} 4. Bxd7+ {[%emt 0:00:09]} Qxd7 {[%emt 0:00:09]} 5. O-O {[%emt 0:00:08]} Nf6 {[%emt 0:00:20]} 6. d4 {[%emt 0:00:05]} cxd4 {[%emt 0:01:32]} 7. Qxd4 {[%emt 0:00:08]} Nc6 {[%emt 0:00:13]} 8. Qd3 {[%emt 0:00:08]} g6 {[%emt 0:01:33]} 9. c4 {[%emt 0:00:37]} Bg7 {[%emt 0:00:44]} 10. Nc3 {[%emt 0:00:10]} O-O {[%emt 0:01:09]} 11. h3 {[%emt 0:00:06]} Rac8 {[%emt 0:04:20]} 12. Rb1 {[%emt 0:03:54]} Qe6 {[%emt 0:12:15]} 13. b3 {[%emt 0:06:24]} Nd7 {[%emt 0:03:55]} 14. Re1 {[%emt 0:11:43]} Nc5 {[%emt 0:09:33]} 15. Qd2 {[%emt 0:03:24]} Nb4 {[%emt 0:07:29]} 16. Ba3 {[%emt 0:03:54]} Nbd3 {[%emt 0:00:47]} 17. Re2 {[%emt 0:00:48]} Nf4 18. Qxf4 {[%emt 0:02:00]} Bxc3 {[%emt 0:04:52]} 19. Qe3 {[%emt 0:03:48]} Bg7 {[%emt 0:01:10]} 20. e5 {[%emt 0:02:04]} Rfe8 {[%emt 0:02:08]} 21. Rd1 {[%emt 0:01:56]} Bf8 {[%emt 0:01:45]} 22. Rd5 {[%emt 0:06:04]} Rcd8 {[%emt 0:16:57]} 23. Ng5 {[%emt 0:19:02]} Qc8 {[%emt 0:00:11]} 24. Bxc5 {[%emt 0:07:30]} dxc5 {[%emt 0:00:33]} 25. Rxc5 {[%emt 0:00:35]} Rd1+ {[%emt 0:00:38]} 26. Kh2 {[%emt 0:00:05]} Qb8 {[%emt 0:10:13]} 27. Qf4 {[%emt 0:02:47]} f6 {[%emt 0:00:24]} 28. Ne6 {[%emt 0:00:31]} Rd7 {[%emt 0:03:29]} 29. g3 {[%emt 0:03:25]} b6 {[%emt 0:01:10]} 30. Rd5 {[%emt 0:00:29]} Rxd5 {[%emt 0:00:14]} 31. cxd5 {[%emt 0:00:05]} fxe5 {[%emt 0:00:36]} 32. Rxe5 {[%emt 0:00:25]} Bh6 {[%emt 0:00:55]} 33. Qe4 {[%emt 0:01:56]} Qd6 {[%emt 0:00:54]} 34. h4 {[%emt 0:01:10]} Qa3 {[%emt 0:03:18]} 35. h5 {[%emt 0:02:12]} Qxa2 {[%emt 0:03:22]} 36. Kg2 {[%emt 0:02:37]} Rc8 {[%emt 0:00:04]} 37. hxg6 {[%emt 0:01:17]} Qc2 {[%emt 0:00:05]} 38. gxh7+ {[%emt 0:00:34]} Kh8 {[%emt 0:00:12]} 39. Qg4 {[%emt 0:01:59]} Qc3 {[%emt 0:02:26]} 40. Rf5 {[%emt 0:01:10]} Bg7 {[%emt 0:02:34]} 41. Rg5 {[%emt 0:00:51]} Qd3 {[%emt 0:00:41]} 42. Rxg7 {[%emt 0:00:54]} Qxd5+ {[%emt 0:00:03]} 43. Kh2 {[%emt 0:13:38]} 1-0